000 00949nam a2200229Ia 4500
003 GCL
008 140319s9999 xx 000 0 ara d
020 _a0841601977
040 _aGCL /
_cGCL
082 0 4 _aق
_b305.89565062
_bس ش
100 1 _aسمير عبدالمقصود السيد
245 1 0 _aالشوام فى مصر منذ الفتح العثمانى حتى اوائل القرن التاسع عشر /
_cسمير عبدالمقصود السيد
260 _aالقاهرة :
_bالهيئة المصرية العامة للكتاب ،
_c2003
300 _a342 ص ؛
_c22 سم
490 _aتاريخ المصريين
_v231
650 0 4 _aالشام
650 0 4 _aالعالم العربى - تاريخ - العصر العثمانى
650 0 4 _aمصر - تاريخ - العصر العثمانى ( 1517-1914 م )
650 0 4 _aالحياة الاجتماعية - مصر
650 0 4 _aالشوام فى مصر
942 _2ddc
_cBK
999 _c58144
_d58144